000
00248pam a2200121 a 4500
020
_c
041
_a
eng
100
_a
Ernest Rhys.
245
_a
History
_h
Textual Documents
260
_a
[s.l]:
_b
J.M.Denth& Sons
300
_a
804p.
930
_a
15247
999
_c
92147
_d
92147